|
|
|
|
| LEADER |
02866nam a22004575i 4500 |
| 001 |
978-3-540-68690-3 |
| 003 |
DE-He213 |
| 005 |
20150519192106.0 |
| 007 |
cr nn 008mamaa |
| 008 |
100301s2008 gw | s |||| 0|eng d |
| 020 |
|
|
|a 9783540686903
|9 978-3-540-68690-3
|
| 024 |
7 |
|
|a 10.1007/978-3-540-68690-3
|2 doi
|
| 040 |
|
|
|d GrThAP
|
| 050 |
|
4 |
|a QA76.9.D343
|
| 072 |
|
7 |
|a UNF
|2 bicssc
|
| 072 |
|
7 |
|a UYQE
|2 bicssc
|
| 072 |
|
7 |
|a COM021030
|2 bisacsh
|
| 082 |
0 |
4 |
|a 006.312
|2 23
|
| 245 |
1 |
0 |
|a Literature-based Discovery
|h [electronic resource] /
|c edited by Peter Bruza, Marc Weeber.
|
| 264 |
|
1 |
|a Berlin, Heidelberg :
|b Springer Berlin Heidelberg,
|c 2008.
|
| 300 |
|
|
|b online resource.
|
| 336 |
|
|
|a text
|b txt
|2 rdacontent
|
| 337 |
|
|
|a computer
|b c
|2 rdamedia
|
| 338 |
|
|
|a online resource
|b cr
|2 rdacarrier
|
| 347 |
|
|
|a text file
|b PDF
|2 rda
|
| 490 |
1 |
|
|a Information Science and Knowledge Management,
|x 1568-1300 ;
|v 15
|
| 505 |
0 |
|
|a General Outlook and Possibilities -- Literature-Based Discovery? The Very Idea -- The Place of Literature-Based Discovery in Contemporary Scientific Practice -- The Tip of the Iceberg: The Quest for Innovation at the Base of the Pyramid -- The ‘Open Discovery’ Challenge -- Where is the Discovery in Literature-Based Discovery? -- Methodology and Applications -- Analyzing LBD Methods using a General Framework -- Evaluation of Literature-Based Discovery Systems -- Factor Analytic Approach to Transitive Text Mining using Medline Descriptors -- Literature-Based Knowledge Discovery using Natural Language Processing -- Information Retrieval in Literature-Based Discovery -- Biomedical Application of Knowledge Discovery.
|
| 520 |
|
|
|a When Don Swanson hypothesized a connection between Raynaud’s phenomenon and dietary fish oil, the field of literature-based discovery (LBD) was born. During the subsequent two decades a steady stream of researchers have published articles about LBD and the field has made steady progress in laying foundations and creating an identity. LBD is an inherently multi-disciplinary enterprise where collaborations between the information and biomedical sciences are readily encountered. It is the hope and intention that this volume will plant a flag in the ground and inspire new researchers to the LBD challenge.
|
| 650 |
|
0 |
|a Computer science.
|
| 650 |
|
0 |
|a Data mining.
|
| 650 |
1 |
4 |
|a Computer Science.
|
| 650 |
2 |
4 |
|a Data Mining and Knowledge Discovery.
|
| 700 |
1 |
|
|a Bruza, Peter.
|e editor.
|
| 700 |
1 |
|
|a Weeber, Marc.
|e editor.
|
| 710 |
2 |
|
|a SpringerLink (Online service)
|
| 773 |
0 |
|
|t Springer eBooks
|
| 776 |
0 |
8 |
|i Printed edition:
|z 9783540686859
|
| 830 |
|
0 |
|a Information Science and Knowledge Management,
|x 1568-1300 ;
|v 15
|
| 856 |
4 |
0 |
|u http://dx.doi.org/10.1007/978-3-540-68690-3
|z Full Text via HEAL-Link
|
| 912 |
|
|
|a ZDB-2-SCS
|
| 950 |
|
|
|a Computer Science (Springer-11645)
|